Základy statického myšlení
Salvato in:
| Autore principale: | |
|---|---|
| Natura: | Libro |
| Lingua: | ceco |
| Pubblicazione: |
Praha :
Česká společnost pro jakost,
2011
|
| Edizione: | 1. vyd. |
| Soggetti: | |
| Tags: |
Nessun Tag, puoi essere il primo ad aggiungerne!!
|
MARC
| LEADER | 00000nam a22000003a 4500 | ||
|---|---|---|---|
| 001 | stu254006 | ||
| 005 | 20150617230205.4 | ||
| 008 | 120906s--------xr------------------cze-d | ||
| 020 | |a 978-80-02-02327-2 | ||
| 040 | |a STU |b slo | ||
| 041 | 0 | |a cze | |
| 044 | |a xr | ||
| 100 | 1 | |a Michálek, Jiří |4 aut | |
| 245 | 1 | |a Základy statického myšlení | |
| 250 | |a 1. vyd. | ||
| 260 | |a Praha : |b Česká společnost pro jakost, |c 2011 | ||
| 300 | |a 71 s | ||
| 650 | 7 | |a štatistické myslenie |2 stusub | |
| 996 | |b 284J040353 |c J*115127 |l JJST |s P |a 0 |w stu254006_0001 | ||